Cyber Security Sensitization: A Case Study of Adolescents in Pakistan / (Record no. 540879)
[ view plain ]
| 000 -LEADER | |
|---|---|
| fixed length control field | 00468nam a22001577a 4500 |
| 003 - CONTROL NUMBER IDENTIFIER | |
| control field | NUST |
| 038 ## - RECORD CONTENT LICENSOR | |
| Staff Name | saima |
| 082 ## - DEWEY DECIMAL CLASSIFICATION NUMBER | |
| Classification number | 004 |
| Author Mark | MCS |
| 100 ## - MAIN ENTRY--PERSONAL NAME | |
| Personal name | Shah, Syed Usman Ali |
| 9 (RLIN) | 35149 |
| 245 ## - TITLE STATEMENT | |
| Title | Cyber Security Sensitization: A Case Study of Adolescents in Pakistan / |
| 260 ## - PUBLICATION, DISTRIBUTION, ETC. | |
| Place of publication, distribution, etc. | Islamabad : |
| Name of publisher, distributor, etc. | MCS - NUST, |
| Date of publication, distribution, etc. | 2017 |
| 300 ## - PHYSICAL DESCRIPTION | |
| Extent | 75 p. ; |
| Dimensions | 30cm. |
| 650 ## - SUBJECT ADDED ENTRY--TOPICAL TERM | |
| Topical term or geographic name entry element | Information Security-Cyber Security Sensitization |
| 9 (RLIN) | 35150 |
| 700 ## - ADDED ENTRY--PERSONAL NAME | |
| Personal name | Dr. Baber Aslam |
| 9 (RLIN) | 16377 |
| 942 ## - ADDED ENTRY ELEMENTS (KOHA) | |
| Source of classification or shelving scheme | |
| Koha item type | Thesis |
| Withdrawn status | Lost status | Source of classification or shelving scheme | Damaged status | Not for loan | Permanent Location | Current Location | Date acquired | Total Checkouts | Full call number | Barcode | Date last seen | Price effective from | Koha item type |
|---|---|---|---|---|---|---|---|---|---|---|---|---|---|
| Central Library (CL) | Central Library (CL) | 11/11/2020 | 004 MCS | CL-T-982 | 11/11/2020 | 11/11/2020 | Thesis | ||||||
| Central Library (CL) | Central Library (CL) | 11/12/2020 | 004 MCS | CL-T-983 | 11/12/2020 | 11/12/2020 | Thesis |
